000 01035naa a2200253 i 4500
001 18503
003 ES-MaBCM
005 20241016093901.0
008 920420s1991 esp 000 0 spa d
021 _axx
035 _a(OCoLC)1365242759
040 _cES-MaBCM
041 0 _aspa
043 _aesp
100 1 _aSalvador Coderch, Pablo
_941862
245 1 0 _aSentencia de 25 de febrero de 1991, derecho al honor y prestigio profesional
_b: libertad de información
_cPablo Salvador Coderch
520 _aTambién otro comentario a una Sentencia de 25 de marzo de 1991 sobre libertad de información y derecho al honor. Informaciones erróneas y comprobación de la verdad o falsedad de su contenido (en las pág. 441 y ss)
650 2 7 _aDerecho al honor
_958292
650 7 _aLibertad de información
_959261
651 2 4 _aEspaña
_9115342
655 4 _aJurisprudencia comentada
_959143
773 0 _aEn:
_tCuadernos Civitas de jurisprudencia civil
_dMadrid : 1991
_w104367
_gnº 26, abril-agosto ; p. 403-411
942 _cAREV
999 _c18503
_d18503